Dịch tễ học thú y
Sách cung cấp những kiến thức cơ bản về phương pháp nghiên cứu dịch tễ bệnh và ứng dụng của dịch tễ trong quản lý sức khoẻ gia súc
Tallennettuna:
| Päätekijä: | |
|---|---|
| Aineistotyyppi: | Kirja |
| Kieli: | Undetermined |
| Julkaistu: |
Thành phố Hồ Chí Minh
Nông nghiệp
2007
|
| Aiheet: | |
| Tagit: |
Lisää tagi
Ei tageja, Lisää ensimmäinen tagi!
|
| Thư viện lưu trữ: | Trung tâm Học liệu Trường Đại học Cần Thơ |
|---|
| LEADER | 00862nam a2200217Ia 4500 | ||
|---|---|---|---|
| 001 | CTU_140957 | ||
| 008 | 210402s9999 xx 000 0 und d | ||
| 082 | |a 636.08944 | ||
| 082 | |b D121 | ||
| 100 | |a Trần, Thị Dân | ||
| 245 | 0 | |a Dịch tễ học thú y | |
| 245 | 0 | |c Trần Thị Dân, Lê Thanh Hiền | |
| 260 | |a Thành phố Hồ Chí Minh | ||
| 260 | |b Nông nghiệp | ||
| 260 | |c 2007 | ||
| 520 | |a Sách cung cấp những kiến thức cơ bản về phương pháp nghiên cứu dịch tễ bệnh và ứng dụng của dịch tễ trong quản lý sức khoẻ gia súc | ||
| 526 | |a Dịch tễ học thú y | ||
| 526 | |b NN755 | ||
| 650 | |a Veterinary epidemiology,Dịch tễ học thú y | ||
| 904 | |i Huỳnh Mai | ||
| 980 | |a Trung tâm Học liệu Trường Đại học Cần Thơ | ||